00518nam a2200193 a 4500001001300000003000900013005001700022008004100039020001000080082001900090100002000109245006800129260003000197300000900227500003500236505001000271650002300281700002000304nice12345678IN_TiNIC20260116011615.0050524s1832 lona grp 000 0 eng  ac10000a909.04951bCRA aCranmer, L Byng aVision of Asiab an Insterpretation of Chinese Art and Culture. aLondonbJohn Murrayc1832 a306p aincludes index and biblioraphy2 aIndex aCivilization-China1 aCranmer, L Byng